Piłkarze Wisły Kraków - nagła śmierć - Statystyki

Ogólne statystyki
  • Ten quiz został rozwiązany 67 razy
  • Średni wynik to 6 z 22
Answers on the Grid
Answers color-coded by a green-red scale on the quiz's grid according to % correct below.
Andrzej Bledzewski
Daniel Bogusz
Grzegorz Bonk
Jerzy Brzęczek
Marcin Cabaj
Jacek Cyzio
Piotr Czachowski
Sylwester Czereszewski
Jacek Dembiński
Vahan Gevorgyan
Dariusz Gęsior
Janusz Gol
Jarosław Jach
Jan Jałocha
Júnior Díaz
Zdzisław Kapka
Henryk Kasperczak
Hubert Kostka
Paweł Kryszałowicz
Dariusz Kubicki
Tomasz Kulawik
Marek Kusto
Adam Ledwoń
Grzegorz Lewandowski
Mateusz Lis
Edward Lorens
Łukasz Madej
Stefan Majewski
Józef Mamoń
Jacek Matyja
Waldemar Matysik
Józef Młynarczyk
Olgierd Moskalewicz
Marek Motyka
Adam Musiał
Piotr Nowak
Tomáš Petrášek
Leszek Pisz
Maciej Sadlok
Paweł Sasin
Maciej Scherfchen
Zdzisław Strojek
Łukasz Surma
Stanko Svitlica
Maciej Szczęsny
Henryk Szymanowski
Marek Świerczewski
Bartłomiej Wdowik
Kazimierz Węgrzyn
Jacek Wiśniewski
Sławomir Wojciechowski
Marek Zieńczuk
 
Statystyki odpowiedzi
Odpowiedź % Poprawnych
Marek Zieńczuk
58%
Adam Musiał
49%
Kazimierz Węgrzyn
49%
Maciej Sadlok
49%
Tomasz Kulawik
49%
Júnior Díaz
47%
Mateusz Lis
44%
Olgierd Moskalewicz
35%
Zdzisław Kapka
30%
Maciej Szczęsny
23%
Marek Motyka
23%
Łukasz Surma
21%
Henryk Szymanowski
19%
Marek Kusto
16%
Stanko Svitlica
16%
Paweł Kryszałowicz
14%
Jacek Matyja
12%
Jan Jałocha
12%
Grzegorz Lewandowski
5%
Marek Świerczewski
5%
Zdzisław Strojek
5%
Józef Mamoń
2%
Nie znaleziono quizów pasujących do podanych kryteriów
Rozkład punktacji
Procent ludzi z każdym wynikiem
Percentyl według liczby udzielonych odpowiedzi
Twoja historia wyników
Nie rozwiązałeś tego quizu